000 00397nam a2200169Ia 4500
008 230524s9999 xx 000 0 und d
020 _a9788120330566
082 _a537
_bMUK
100 _aP.N.Mukherjee
245 0 _aTotal Quality Management
250 _a3RD
260 _aNEW DELHI
_bPHI
_c2009
300 _aXII;418
500 _aQuantity Number: 2
650 _aManagement
942 _cBK
999 _c45967
_d45967